000 00574nam a22001937a 4500
003 MPLRDC
005 20220104200520.0
008 210129b ||||| |||| 00| 0 eng d
020 _a978-986-5607-24-1
082 _a873.57 KEN
100 _a克莱儿·肯德尔 CLAIRE KENDAL
245 _a跟踪
_c赵丕慧 译
250 _a初版
260 _a台湾
_b春天出版国际文化有限公司
_c2016
300 _b
520 _a上架 2016-12-01。 2017-09-26 弄湿--pg.封面-38边沿(1373)。
650 _a英国文学--小说
942 _cBK
_o873.57 KEN
999 _c66739
_d66729